000 00879nas a22002531i#4500
001 2581
003 ES-MaACL
005 20250709054511.0
007 t|
008 950801d19171917fr | | 1 ||re d
080 _a(059)(44)
245 0 0 _aAlmanach de Bruxelles, annuaire généalogique, historique, héraldique des maisons souveraines, princières et ducales /
_cprésenté par Jean de Bonnefon pour prendre la place de l"Almanach de Gotha'qui est allemand.
260 _aParis :
_bSociété d'éditions Mans,
_c[1917]
300 _a1 v. (XXIX-VIII-869 p.) :
_bil ;
_c16 cm.
310 _aAnual
362 0 _a[19--]
650 4 _aHeráldica-
_zEuropa.
_9157803
655 0 _aAlmanaques
_9241262
700 1 _aBonnefon, Jean de
_eaui
_930238
852 _aES-MaACL
_cDEPO2
_jG-882
866 1 _o1918.
942 _2udc
_cPERIODICA
_n0
999 _c2581
_d2581